000 01127cam a22003497a 4500
003 CHAP
005 20220329134351.0
008 971013s1980 r 00010 d
010 _a19434
011 _a20406
035 _a24494
040 _cCHAP
090 _aD-47
110 2 _aThe American Phytophatological Society. St. Paul, Minn.
_9112621
245 1 0 _aSyllabus for small grain diseases (Diapositiva)
260 _a(s.l.) :
_bAmerican Phytophatological Society,
_c1980
300 _a88 diapositivas col. 2 x 2 plg.
490 0 _aDisease of plants
500 _aNota explicativa 6 p.
500 _aTambien en CD. 4 3/4 plgs.
590 _aBATCH-UPD
_b10
_c20130109
_lUCH01
_h2328
590 _aBATCH-UPD
_b10
_c20130110
_lUCH01
_h1833
590 _aCONVERSION
_b10
_c20130109
_lUCH01
_h1312
650 1 4 _aCereales
_xEnfermedades.
_921412
650 1 4 _aTrigo
_xEnfermedades.
_9115017
700 0 _aCunfer, Barry M.
_930443
830 0 _aDisease of plants
_932722
901 _aBK
942 _cCD
949 _aD-47
_bBC
_cD
_d-56409
_eD
_h59101
_i24494
_si
949 _aD-47
_bBC
_cD
_d33724002007801
_eCD
_h242
_i24494
_sb
999 _c19434
_d19434